[Event "Ceriano Laghetto op"]
[Site "Ceriano Laghetto"]
[Date "2009.02.24"]
[Round "4"]
[White "Nastasi, Ivano"]
[Black "Pellegrini, Fabio"]
[Result "1/2-1/2"]
[WhiteElo "1503"]
[BlackElo "1423"]
[PlyCount "112"]
[EventDate "2009.02.03"]
[EventType "swiss"]
[EventRounds "6"]
[EventCountry "ITA"]
[SourceTitle "EXT 2011"]
[Source "ChessBase"]
[SourceDate "2010.11.26"]
[SourceVersion "1"]
[SourceVersionDate "2010.11.26"]
[SourceQuality "1"]

1. d4 Nf6 2. c4 d5 3. Nc3 c6 4. a4 Bf5 5. Nf3 e6 6. Bf4 Nbd7 7. e3 Be7 8. Qb3 b6 9. cxd5 exd5 10. h3 Nh5 11. Bh2 Be4 12. Ba6 Bxf3 13. gxf3 Nhf6 14. Bb7 Rc8 15. Bxc8 Qxc8 16. e4 dxe4 17. fxe4 0-0 18. e5 Ne8 19. 0-0-0 a6 20. Kb1 Nc7 21. f4 b5 22. axb5 axb5 23. d5 Nc5 24. Qc2 cxd5 25. Nxd5 Nxd5 26. Rxd5 Qc6 27. Rhd1 Rc8 28. Bg1 Ne6 29. Qxc6 Rxc6 30. Rxb5 Nxf4 31. Rd7 Bf8 32. Rb8 f6 33. Rdd8 Ne6 34. Rdc8 Rxc8 35. Rxc8 fxe5 36. Bh2 e4 37. Bd6 Kf7 38. Bxf8 Nxf8 39. Rc4 e3 40. Re4 g5 41. Rxe3 Ne6 42. b4 h5 43. b5 g4 44. b6 Nc5 45. Rc3 Na6 46. hxg4 hxg4 47. Rc7+ Kf6 48. Kc1 g3 49. Rc2 Ke5 50. Rg2 Kd6 51. Rxg3 Kc6 52. Rb3 Kb7 53. Kc2 Nc5 54. Rb4 Nd7 55. Kd3 Nxb6 56. Kc3 Kc6 1/2-1/2